An intelligent web browsing assistant / (رقم التسجيلة. 7532)
[ عرض عادي ]
| 000 -LEADER | |
|---|---|
| fixed length control field | 013670000a22003250004500 |
| 003 - CONTROL NUMBER IDENTIFIER | |
| control field | EG-GICUC |
| 005 - DATE AND TIME OF LATEST TRANSACTION | |
| control field | 20250223025203.0 |
| 008 - FIXED-LENGTH DATA ELEMENTS--GENERAL INFORMATION | |
| fixed length control field | 080329s2008 ua d f m 000 0 eng d |
| 040 ## - CATALOGING SOURCE | |
| Original cataloging agency | EG-GICUC |
| Language of cataloging | eng |
| Transcribing agency | EG-GICUC |
| 041 0# - LANGUAGE CODE | |
| Language code of text/sound track or separate title | Eng |
| 049 ## - LOCAL HOLDINGS (OCLC) | |
| Holding library | Deposite |
| 097 ## - Thesis Degree | |
| Thesis Level | M.Sc |
| 099 ## - LOCAL FREE-TEXT CALL NUMBER (OCLC) | |
| Classification number | Cai01.20.03.M.Sc.2008.Eh.I |
| 100 0# - MAIN ENTRY--PERSONAL NAME | |
| Personal name | Ehab Abdelhamid Mohamed |
| 245 13 - TITLE STATEMENT | |
| Title | An intelligent web browsing assistant / |
| Statement of responsibility, etc. | Ehab Abdelhamid Mohamed ; Supervised Salwa Elgamal |
| 246 15 - VARYING FORM OF TITLE | |
| Title proper/short title | مساعد ذكى لتصفح الانترنت |
| 260 ## - PUBLICATION, DISTRIBUTION, ETC. | |
| Place of publication, distribution, etc. | Cairo : |
| Name of publisher, distributor, etc. | Ehab Abdelhamid Mohamed , |
| Date of publication, distribution, etc. | 2008 |
| 300 ## - PHYSICAL DESCRIPTION | |
| Extent | 95Leaves : |
| Other physical details | charts ; |
| Dimensions | 30cm |
| 502 ## - DISSERTATION NOTE | |
| Dissertation note | Thesis (M.Sc.) - Cairo University - Faculty Of Computers and Information - Department Of Computer Science |
| 520 ## - SUMMARY, ETC. | |
| Summary, etc. | Currently there is a massive amount of web pages available in the World Wide Web with more and more becoming available every day such pages represent an enorrmous amount of information.However searching this huge collection of web pages and locating what they are interested in is not an easy task |
| 530 ## - ADDITIONAL PHYSICAL FORM AVAILABLE NOTE | |
| Additional physical form available note | Issued also as CD |
| 653 #4 - INDEX TERM--UNCONTROLLED | |
| Uncontrolled term | Intelligent web |
| 653 #4 - INDEX TERM--UNCONTROLLED | |
| Uncontrolled term | Web browsing |
| 653 #4 - INDEX TERM--UNCONTROLLED | |
| Uncontrolled term | Web pages available |
| 700 0# - ADDED ENTRY--PERSONAL NAME | |
| Personal name | Salwa Elgamal , |
| Relator term | |
| 856 ## - ELECTRONIC LOCATION AND ACCESS | |
| Uniform Resource Identifier | <a href="http://172.23.153.220/th.pdf">http://172.23.153.220/th.pdf</a> |
| 905 ## - LOCAL DATA ELEMENT E, LDE (RLIN) | |
| Cataloger | Mustafa |
| Reviser | Revisor |
| 905 ## - LOCAL DATA ELEMENT E, LDE (RLIN) | |
| Cataloger | Nazla |
| Reviser | Cataloger |
| 942 ## - ADDED ENTRY ELEMENTS (KOHA) | |
| Source of classification or shelving scheme | Dewey Decimal Classification |
| Koha item type | Thesis |
| Source of classification or shelving scheme | Not for loan | Home library | Current library | Date acquired | Full call number | Barcode | Date last seen | Koha item type | Copy number |
|---|---|---|---|---|---|---|---|---|---|
| Dewey Decimal Classification | المكتبة المركزبة الجديدة - جامعة القاهرة | قاعة الرسائل الجامعية - الدور الاول | 11.02.2024 | Cai01.20.03.M.Sc.2008.Eh.I | 01010110048488000 | 22.09.2023 | Thesis | ||
| Dewey Decimal Classification | المكتبة المركزبة الجديدة - جامعة القاهرة | مخـــزن الرســائل الجـــامعية - البدروم | 11.02.2024 | Cai01.20.03.M.Sc.2008.Eh.I | 01020110048488000 | 22.09.2023 | CD - Rom | 48488.CD |